Normal view MARC view
  • Hans Pankaj

Entry Personal Name

Number of records used in: 2

001 - CONTROL NUMBER

  • control field: 179822

003 - CONTROL NUMBER IDENTIFIER

  • control field: OSt

005 - DATE AND TIME OF LATEST TRANSACTION

  • control field: 20230314152801.0

008 - FIXED-LENGTH DATA ELEMENTS

  • fixed length control field: 230314|| aca||aabn | a|a d

040 ## - CATALOGING SOURCE

  • Original cataloging agency: OSt
  • Transcribing agency: OSt

100 ## - HEADING--PERSONAL NAME

  • Personal name: Hans Pankaj

670 ## - SOURCE DATA FOUND

  • Source citation: Work cat.: (OSt)141822: Hans Pankaj, Jaypees Nursing Drug Book, 2014